000 00687nam a2200277Ia 4500
005 20260324143537.0
008 008 260324s9999 xx 000 0 eng d
020 _a9780367810900
037 _aEBOOK
040 _aCRL
040 _beng
040 _cCRL
041 _2eng
041 _aeng
084 _qCRL
100 _aDouglas B. Walters; Lawrence H. Keith
_91216019
245 0 _aNational Toxicology Program's Chemical Solubility Compendium
260 _bTaylor and Francis
260 _c1991
365 _a
365 _b1040
856 _uhttp://www.taylorfrancis.com/books/9780367810900
942 _cEBOOK
999 _c1821546
_d1821546